00690nam a2200229Ia 4500008004000000020001800040041000800058082001700066100002200083245003600105260005000141300001000191650001100201650001100212650001200223650001000235650000800245690001700253906001100270999001900281952016000300210210b2010 xxu||||| |||| 00| 0 eng d a9789380833132 aeng a361.614 BABH aBABU (Brijesh) Ed aHuman rights and social justice aNew delhibGlobal Research Publicationsc2010 av,296 asocial arights ajustice aHuman aand aHuman Rights a066542 c147962d147962 00102ddc40708Human RightsaALbALd2021-02-17eBook World Mangalore-3g795.00l1o361.614 BABHp066542r2025-09-02 14:50:36s2025-08-20w2021-02-17yBK